| 000 | 00946cam a22002411i 4500 | ||
|---|---|---|---|
| 003 | SA-RiAUC | ||
| 005 | 20240909135148.0 | ||
| 008 | 240906s1978 ua g 000 0bara c | ||
| 040 |
_aSD-OmOIU _bara _cSA-RiAUC. _erda |
||
| 082 | 0 | 4 |
_a920 _qSA-RiAUC |
| 090 |
_a920 _bم ج ا |
||
| 100 | 1 |
_aمجاهد، زكي محمد _eمؤلف. |
|
| 245 | 1 | 2 |
_aالأخبار التاريخية في السيرة الزكية / _cتأليف زكي محمد مجاهد. |
| 264 | 1 |
_aالقاهرة : _bدار الطباعة المحمدية، _c1379هـ |
|
| 300 |
_a163 صفحة ؛ _c24 سم |
||
| 336 |
_aنص _btxt _2rdacontent _3كتاب |
||
| 337 |
_aبدون وسيط _bn _2rdamedia |
||
| 338 |
_aمجلد _bnc _2rdacarrier |
||
| 500 | _aملاحظات من الشيخ الدكتور عبدالوهاب سليمان رحمه الله بداخل الكتاب | ||
| 650 | 7 | _aالتراجم | |
| 942 |
_2ddc _cBOOK |
||
| 949 |
_aSA-JeALM _d240906 _umohamedma123 _n1 |
||
| 999 |
_c84 _d84 |
||